| 000 | 00447nam a2200169Ia 4500 | ||
|---|---|---|---|
| 008 | 240729s9999 xx 000 0 und d | ||
| 022 | _a2300-3669 | ||
| 245 | 0 | _aChange and Adaptation in Socio-Ecological Systems | |
| 260 | _aPoland | ||
| 260 | _bDe Gruyter | ||
| 650 | _a Biology (General) | ||
| 650 | _a Ecology | ||
| 650 | _aScience | ||
| 856 | _uhttps://doaj.org/toc/5468ab6af8c84d8694d54b1e1d09f148 | ||
| 942 | _2ddc | ||
| 942 | _cDOAJEJ | ||
| 999 |
_c70177 _d70177 |
||
| 945 |
_a1 _bMadushi Gamage _c1 _dMadushi Gamage |
||